000 01196nam2a22002531 4500
001 v19\rc\1388280
005 20250620070753.0
035 _a(NLR Aleph) 005221760
090 _a5512515
_c5512515
100 _a20060512d1881 |||y0rusy50 ca
101 0 _arus
102 _aRU
105 _ay z |||||
200 0 _a... за 1880 год и смета на 1881 г.
210 _d1881
_aБ. м.
215 _a64 с.
461 0 _1001v19\rc\1388269
_12001#$aОтчеты...$fС.-Петерб. о-во земледельч. колоний и ремесл. приютов$v... за 1880 год и смета на 1881 г.
_95512407
_aПетербургское общество земледельческих колоний и ремесленных приютов
_cСанкт-Петербург
_d1870-1916
_fС.-Петерб. о-во земледельч. колоний и ремесл. приютов
_tОтчеты...
_v... за 1880 год и смета на 1881 г.
801 0 _aRU
_bNLR
_c20060512
_gpsbo
801 0 _aRU
_bRuMoRGB
_c20060512
_2psbo
801 1 _aRU
_bProSoft-M
_c20060512
_2rusmarc
801 2 _aRU
_bNLR
_c20101215
_2rusmarc
852 _aNLR
_j18.157.3.328
942 _cBOOK
980 _aNB